Top 50 countries with the most cities of over 100,000 people - Statistics

General Stats
  • This quiz has been taken 2,805 times
  • The average score is 38 of 50
Answer Stats
Rank # of Cities Answer % Correct
1 444 China
99%
3 315 United States
99%
2 327 India
98%
T-9 86 United Kingdom
97%
4 230 Brazil
96%
20 44 France
96%
7 161 Russia
95%
11 81 Germany
94%
5 228 Japan
94%
8 115 Mexico
94%
16 48 Indonesia
92%
T-18 46 Italy
92%
13 55 Spain
92%
T-41 17 Argentina
91%
14 54 Canada
91%
T-30 25 Egypt
90%
T-18 46 Nigeria
89%
12 61 Pakistan
89%
T-46 14 South Africa
89%
T-41 17 Australia
88%
T-9 86 Iran
88%
15 51 Turkey
86%
T-24 39 Colombia
84%
23 40 Poland
84%
T-21 42 South Korea
84%
T-32 24 Peru
83%
26 33 Chile
81%
17 47 Ukraine
81%
T-38 19 Vietnam
80%
T-24 39 Bangladesh
79%
T-35 22 Iraq
77%
27 31 Venezuela
76%
T-21 42 Algeria
72%
T-32 24 Malaysia
70%
35 22 Ethiopia
69%
T-46 14 Greece
67%
6 188 Philippines
66%
T-41 17 Morocco
65%
29 27 Netherlands
61%
T-30 25 Romania
60%
28 28 D.R. Congo
59%
T-46 14 Afghanistan
53%
T-41 17 Taiwan
51%
45 16 Ecuador
50%
T-38 19 Kazakhstan
46%
T-46 14 Belarus
36%
40 18 Uzbekistan
35%
34 23 Nepal
34%
T-46 14 Mozambique
24%
37 20 Dominican Rep
7%
No matching quizzes found
Score Distribution
Percent of People with Each Score
Percentile by Number Answered
Your Score History
You have not taken this quiz